[Event "January Lviv Tradition"]
[Site "Lviv"]
[Date "2017.01.25"]
[Round "5.3"]
[White "Shpanko, Nadiia"]
[Black "Sevostianov, Pavel"]
[Result "0-1"]
[BlackElo "2262"]
[WhiteElo "2018"]
[LiveChessVersion "1.4.8"]

1. e4 {[%clk 1:30:58]} Nf6 {[%clk 1:30:32]} 2. e5 {[%clk 1:31:22]} Nd5
{[%clk 1:30:58]} 3. d4 {[%clk 1:31:47]} Nb6 {[%clk 1:31:10]} 4. c4
{[%clk 1:31:48]} d6 {[%clk 1:31:31]} 5. exd6 {[%clk 1:32:14]} cxd6
{[%clk 1:31:51]} 6. Nc3 {[%clk 1:32:40]} g6 {[%clk 1:32:16]} 7. h3
{[%clk 1:33:06]} Bg7 {[%clk 1:32:42]} 8. Nf3 {[%clk 1:33:32]} O-O
{[%clk 1:32:55]} 9. Be2 {[%clk 1:33:57]} Nc6 {[%clk 1:29:42]} 10. O-O
{[%clk 1:34:08]} e5 {[%clk 1:26:52]} 11. Bg5 {[%clk 1:25:25]} f6 {[%clk 1:24:35]}
12. Be3 {[%clk 1:25:48]} Qe7 {[%clk 1:09:17]} 13. dxe5 {[%clk 1:24:01]} dxe5
{[%clk 1:08:50]} 14. Bxb6 {[%clk 1:21:54]} axb6 {[%clk 1:09:08]} 15. Qb3
{[%clk 1:22:00]} e4 {[%clk 1:05:46]} 16. Nh2 {[%clk 1:20:37]} f5 {[%clk 0:59:20]}
17. Nd5 {[%clk 1:15:48]} Qe5 {[%clk 0:53:31]} 18. Nxb6 {[%clk 1:13:47]} Nd4
{[%clk 0:53:44]} 19. Qd1 {[%clk 1:14:03]} Rb8 {[%clk 0:48:04]} 20. Nxc8
{[%clk 1:11:50]} Rbxc8 {[%clk 0:48:28]} 21. Re1 {[%clk 1:11:03]} Rfd8
{[%clk 0:47:29]} 22. Qc1 {[%clk 1:11:00]} Bf8 {[%clk 0:47:45]} 23. Qc3
{[%clk 1:07:45]} Nxe2+ {[%clk 0:47:07]} 24. Rxe2 {[%clk 1:08:10]} Qxc3
{[%clk 0:47:32]} 25. bxc3 {[%clk 1:08:32]} Rxc4 {[%clk 0:47:27]} 26. Rb2
{[%clk 1:08:25]} Rd7 {[%clk 0:45:57]} 27. Rb3 {[%clk 1:08:08]} Bc5
{[%clk 0:44:23]} 28. Nf1 {[%clk 1:06:53]} f4 {[%clk 0:43:59]} 29. Re1
{[%clk 1:05:15]} b6 {[%clk 0:42:01]} 30. g3 {[%clk 1:05:18]} g5 {[%clk 0:42:02]}
31. Rb2 {[%clk 1:05:01]} Rxc3 {[%clk 0:33:57]} 32. gxf4 {[%clk 1:04:55]} gxf4
{[%clk 0:34:23]} 33. Rbe2 {[%clk 1:04:34]} Rxh3 {[%clk 0:33:59]} 34. Kg2
{[%clk 1:04:59]} Rf3 {[%clk 0:30:15]} 35. Nh2 {[%clk 1:03:32]} Rg7+
{[%clk 0:30:33]} 36. Kh1 {[%clk 1:03:59]} Rxf2 {[%clk 0:30:32]} 37. Rxf2
{[%clk 1:04:10]} Bxf2 {[%clk 0:30:58]} 0-1

[Event "January Lviv Tradition"]
[Site "Lviv"]
[Date "2017.01.25"]
[Round "5.4"]
[White "Polulikh, Bogdan"]
[Black "Lagashin, Pavel"]
[Result "1-0"]
[BlackElo "2207"]
[WhiteElo "2178"]
[LiveChessVersion "1.4.8"]

1. d4 {[%clk 1:30:57]} d5 {[%clk 1:30:55]} 2. Nf3 {[%clk 1:31:19]} Nf6
{[%clk 1:31:12]} 3. c4 {[%clk 1:31:41]} c6 {[%clk 1:31:09]} 4. Nc3
{[%clk 1:31:59]} e6 {[%clk 1:31:31]} 5. Bg5 {[%clk 1:31:50]} Nbd7
{[%clk 1:30:51]} 6. e3 {[%clk 1:31:01]} Qa5 {[%clk 1:31:00]} 7. cxd5
{[%clk 1:22:08]} exd5 {[%clk 1:31:02]} 8. Bd3 {[%clk 1:21:48]} Ne4
{[%clk 1:30:44]} 9. O-O {[%clk 1:22:06]} Ndf6 {[%clk 1:25:38]} 10. Bxf6
{[%clk 1:02:25]} Nxf6 {[%clk 1:25:51]} 11. Re1 {[%clk 0:59:44]} Be7
{[%clk 1:24:12]} 12. a3 {[%clk 0:59:43]} Bg4 {[%clk 1:21:51]} 13. h3
{[%clk 0:56:47]} Bh5 {[%clk 1:22:05]} 14. Qb3 {[%clk 0:56:54]} Qb6
{[%clk 1:22:25]} 15. Nd2 {[%clk 0:56:38]} Bg6 {[%clk 1:19:56]} 16. Qc2
{[%clk 0:54:09]} Bxd3 17. Qxd3 {[%clk 0:54:37]} O-O {[%clk 1:18:42]} 18. b4
{[%clk 0:53:27]} a6 {[%clk 1:13:10]} 19. Reb1 {[%clk 0:51:55]} Qc7
{[%clk 1:04:58]} 20. Na4 {[%clk 0:51:05]} b5 {[%clk 1:04:57]} 21. Nc5
{[%clk 0:51:15]} Bxc5 {[%clk 1:05:18]} 22. dxc5 {[%clk 0:49:05]} Rad8
{[%clk 1:04:20]} 23. a4 {[%clk 0:47:48]} Rfe8 {[%clk 1:02:51]} 24. axb5
{[%clk 0:47:44]} axb5 {[%clk 1:03:15]} 25. Ra6 {[%clk 0:45:36]} Ne4
{[%clk 1:02:28]} 26. Nf3 {[%clk 0:45:43]} Ra8 {[%clk 1:02:04]} 27. Rba1
{[%clk 0:45:44]} Rxa6 {[%clk 1:01:12]} 28. Rxa6 {[%clk 0:45:58]} g6
{[%clk 1:01:02]} 29. Nd4 {[%clk 0:45:51]} Qe5 {[%clk 1:00:00]} 30. f3
{[%clk 0:39:37]} Ng3 {[%clk 0:59:01]} 31. Kf2 {[%clk 0:35:59]} Nh5
{[%clk 0:48:01]} 32. Ne2 {[%clk 0:29:43]} Re6 {[%clk 0:46:29]} 33. Ra8+
{[%clk 0:29:41]} Kg7 {[%clk 0:46:43]} 34. Qd4 {[%clk 0:30:03]} f6
{[%clk 0:45:04]} 35. f4 {[%clk 0:30:11]} Qe4 {[%clk 0:37:23]} 36. Qxe4
{[%clk 0:28:16]} Rxe4 {[%clk 0:37:48]} 37. g4 {[%clk 0:28:42]} d4
{[%clk 0:37:42]} 38. gxh5 {[%clk 0:28:48]} d3 {[%clk 0:37:26]} 39. Nd4
{[%clk 0:29:09]} d2 {[%clk 0:36:49]} 40. Ra1 {[%clk 0:29:29]} 1-0

[Event "January Lviv Tradition"]
[Site "Lviv"]
[Date "2017.01.25"]
[Round "5.5"]
[White "Terletsky, Oleg"]
[Black "Bunyatov, Rustam"]
[Result "1-0"]
[BlackElo "2254"]
[WhiteElo "2312"]
[LiveChessVersion "1.4.8"]

1. e4 {[%clk 1:30:57]} c5 {[%clk 1:27:30]} 2. Nf3 {[%clk 1:31:18]} d6
{[%clk 1:27:56]} 3. d4 {[%clk 1:31:42]} cxd4 {[%clk 1:28:21]} 4. Nxd4
{[%clk 1:32:07]} Nf6 {[%clk 1:28:47]} 5. Nc3 {[%clk 1:32:32]} a6 {[%clk 1:29:16]}
6. Be3 {[%clk 1:32:50]} Nbd7 {[%clk 1:29:27]} 7. f3 {[%clk 1:29:22]} Qc7
{[%clk 1:29:06]} 8. Qd2 {[%clk 1:29:02]} Nb6 {[%clk 1:25:30]} 9. g4
{[%clk 1:23:10]} h6 {[%clk 1:23:14]} 10. O-O-O {[%clk 1:23:04]} Bd7
{[%clk 1:06:40]} 11. h4 {[%clk 1:16:32]} d5 {[%clk 1:02:51]} 12. e5
{[%clk 1:15:01]} Ng8 {[%clk 1:01:07]} 13. Qf2 {[%clk 0:58:00]} Nc4
{[%clk 1:00:41]} 14. Nxd5 {[%clk 0:53:00]} Qc5 {[%clk 1:00:33]} 15. Bxc4
{[%clk 0:53:02]} Qxc4 {[%clk 1:00:59]} 16. Nb6 {[%clk 0:53:14]} Qxa2
{[%clk 1:01:24]} 17. Nxa8 {[%clk 0:53:11]} Qa1+ {[%clk 1:01:41]} 18. Kd2
{[%clk 0:53:37]} Qxb2 {[%clk 1:02:04]} 19. Rb1 {[%clk 0:52:48]} Qa3
{[%clk 1:02:25]} 20. Rxb7 {[%clk 0:51:53]} 1-0

[Event "January Lviv Tradition"]
[Site "Lviv"]
[Date "2017.01.26"]
[Round "6.2"]
[White "Lagashin, Pavel"]
[Black "Terletsky, Oleg"]
[Result "0-1"]
[BlackElo "2312"]
[WhiteElo "2207"]
[LiveChessVersion "1.4.8"]

1. d4 {[%clk 1:30:29]} Nf6 {[%clk 1:30:53]} 2. c4 {[%clk 1:30:54]} g6
{[%clk 1:31:18]} 3. Nc3 {[%clk 1:31:22]} Bg7 {[%clk 1:31:41]} 4. e4
{[%clk 1:31:48]} d6 {[%clk 1:32:05]} 5. Nf3 {[%clk 1:32:14]} O-O {[%clk 1:32:26]}
6. h3 {[%clk 1:32:43]} e5 {[%clk 1:26:08]} 7. d5 {[%clk 1:33:08]} Nh5
{[%clk 1:26:31]} 8. g3 {[%clk 1:33:34]} f5 {[%clk 1:25:55]} 9. exf5 gxf5
{[%clk 1:26:03]} 10. Nh4 {[%clk 1:34:27]} Nf4 {[%clk 1:23:52]} 11. Bd2
{[%clk 1:34:53]} Na6 {[%clk 1:19:30]} 12. a3 {[%clk 1:35:06]} Nc5
{[%clk 1:18:52]} 13. Qc2 {[%clk 1:35:08]} a5 {[%clk 1:17:25]} 14. O-O-O
{[%clk 1:34:19]} a4 {[%clk 1:15:58]} 15. Nf3 {[%clk 1:32:22]} Ng6
{[%clk 1:13:34]} 16. Bg5 {[%clk 1:31:50]} Qe8 {[%clk 1:10:32]} 17. Kb1
{[%clk 1:19:49]} f4 {[%clk 1:00:34]} 18. g4 {[%clk 1:19:49]} h6 {[%clk 1:00:37]}
19. Ne4 {[%clk 1:09:25]} hxg5 {[%clk 0:59:16]} 20. Nfxg5 {[%clk 1:09:05]} Nb3
{[%clk 0:46:48]} 21. f3 {[%clk 1:09:24]} Nd4 {[%clk 0:43:47]} 22. Rxd4
{[%clk 1:09:34]} exd4 {[%clk 0:44:03]} 23. Bd3 {[%clk 1:08:19]} Ne5
{[%clk 0:36:32]} 24. h4 {[%clk 1:08:28]} Qg6 {[%clk 0:31:46]} 25. h5
{[%clk 1:03:08]} Qh6 {[%clk 0:31:51]} 26. Ne6 {[%clk 1:02:42]} Bxe6
{[%clk 0:30:23]} 27. g5 {[%clk 1:02:57]} Qh8 {[%clk 0:30:41]} 28. dxe6
{[%clk 1:03:05]} Nxd3 {[%clk 0:29:48]} 29. Qxd3 {[%clk 0:44:47]} Rae8
{[%clk 0:29:45]} 30. h6 {[%clk 0:43:03]} Rxe6 {[%clk 0:27:16]} 31. Rg1
{[%clk 0:38:05]} Kf7 {[%clk 0:16:03]} 32. c5 {[%clk 0:23:06]} d5 {[%clk 0:15:57]}
33. g6+ {[%clk 0:22:26]} Ke7 {[%clk 0:15:48]} 34. hxg7 {[%clk 0:20:25]} Qxg7
{[%clk 0:16:02]} 35. Nd2 {[%clk 0:18:04]} c6 {[%clk 0:15:43]} 36. b3
{[%clk 0:17:11]} Re3 {[%clk 0:15:21]} 37. Qf1 {[%clk 0:16:52]} Rh8
{[%clk 0:14:27]} 38. Qg2 {[%clk 0:17:11]} Re6 {[%clk 0:11:17]} 39. Qg4
{[%clk 0:16:53]} Rf8 {[%clk 0:10:33]} 40. bxa4 {[%clk 0:16:09]} Rff6
{[%clk 0:10:34]} 41. Qh4 {[%clk 0:15:40]} Kd7 {[%clk 0:10:39]} 42. Rg4
{[%clk 0:15:11]} Rxg6 {[%clk 0:10:30]} 43. Rxf4 {[%clk 0:15:30]} Rg1+
{[%clk 0:09:57]} 44. Ka2 {[%clk 0:15:07]} d3 {[%clk 0:10:10]} 45. Rb4
{[%clk 0:09:26]} Qa1+ {[%clk 0:09:04]} 46. Kb3 {[%clk 0:09:52]} Rb1+
{[%clk 0:07:09]} 47. Nxb1 {[%clk 0:10:13]} Qxb1+ {[%clk 0:07:32]} 48. Kc3
{[%clk 0:10:39]} Qc1+ {[%clk 0:07:42]} 49. Kd4 {[%clk 0:10:01]} Qa1+
{[%clk 0:07:58]} 50. Kxd3 {[%clk 0:10:19]} Qd1+ {[%clk 0:08:09]} 51. Kc3
{[%clk 0:10:41]} Re3+ {[%clk 0:08:25]} 0-1

[Event "January Lviv Tradition"]
[Site "Lviv"]
[Date "2017.01.26"]
[Round "6.3"]
[White "Sevostianov, Pavel"]
[Black "Polulikh, Bogdan"]
[Result "0-1"]
[BlackElo "2178"]
[WhiteElo "2262"]
[LiveChessVersion "1.4.8"]

1. e4 {[%clk 1:30:41]} c5 {[%clk 1:30:54]} 2. Ne2 {[%clk 1:28:42]} Nc6
{[%clk 1:30:37]} 3. Nbc3 {[%clk 1:27:18]} g6 {[%clk 1:30:04]} 4. d4 cxd4
{[%clk 1:30:26]} 5. Nxd4 {[%clk 1:27:51]} Bg7 {[%clk 1:30:50]} 6. Nde2
{[%clk 1:28:12]} Nf6 {[%clk 1:25:54]} 7. g3 {[%clk 1:28:14]} b5 {[%clk 1:15:20]}
8. a3 {[%clk 1:25:57]} O-O {[%clk 1:15:00]} 9. Bg2 {[%clk 1:26:24]} Rb8
{[%clk 1:15:21]} 10. O-O {[%clk 1:26:40]} d6 {[%clk 1:14:56]} 11. h3
{[%clk 1:24:39]} a5 {[%clk 1:12:27]} 12. Re1 {[%clk 1:22:44]} b4 {[%clk 1:00:34]}
13. axb4 {[%clk 1:22:43]} axb4 {[%clk 1:00:59]} 14. Nd5 {[%clk 1:23:05]} e6
{[%clk 1:01:03]} 15. Ndf4 {[%clk 1:17:43]} Qc7 {[%clk 0:58:54]} 16. Nd3
{[%clk 1:16:22]} Nd7 {[%clk 0:55:06]} 17. Ra2 {[%clk 1:14:54]} Nde5
{[%clk 0:45:36]} 18. b3 {[%clk 1:13:40]} Bb7 {[%clk 0:41:43]} 19. Bd2
{[%clk 1:10:53]} Nxd3 {[%clk 0:41:21]} 20. cxd3 {[%clk 1:11:18]} Ra8
{[%clk 0:40:54]} 21. Rxa8 {[%clk 1:09:21]} Rxa8 {[%clk 0:41:17]} 22. Qc2
{[%clk 1:09:49]} Qa5 {[%clk 0:36:55]} 23. Bf4 {[%clk 1:09:10]} Be5
{[%clk 0:33:47]} 24. Be3 {[%clk 1:07:43]} Qa2 {[%clk 0:32:28]} 25. Qd1
{[%clk 0:56:33]} Bb2 {[%clk 0:25:04]} 26. d4 {[%clk 0:50:42]} Na5
{[%clk 0:24:53]} 27. Nc1 {[%clk 0:48:34]} Qb1 {[%clk 0:24:17]} 28. Qf3
{[%clk 0:48:09]} Nxb3 {[%clk 0:24:27]} 29. Nxb3 {[%clk 0:41:20]} Qxe1+
{[%clk 0:24:30]} 30. Kh2 {[%clk 0:41:46]} f5 {[%clk 0:19:41]} 31. Qf4
{[%clk 0:41:24]} Qd1 {[%clk 0:17:05]} 32. Nd2 {[%clk 0:41:08]} e5
{[%clk 0:15:15]} 33. dxe5 {[%clk 0:37:11]} Bxe5 {[%clk 0:15:28]} 34. Qg5
{[%clk 0:37:15]} Re8 {[%clk 0:15:15]} 35. Bf1 {[%clk 0:34:27]} Qh5
{[%clk 0:15:11]} 36. Bc4+ {[%clk 0:31:50]} Kg7 {[%clk 0:15:27]} 37. Qxh5
{[%clk 0:32:01]} gxh5 {[%clk 0:15:55]} 38. exf5 {[%clk 0:32:10]} h4
{[%clk 0:15:59]} 39. f4 {[%clk 0:30:47]} Bc3 {[%clk 0:16:22]} 40. Be6
{[%clk 0:31:13]} Bd5 0-1

[Event "January Lviv Tradition"]
[Site "Lviv"]
[Date "2017.01.26"]
[Round "6.4"]
[White "Nesteretz, Anatoliy"]
[Black "Shpanko, Nadiia"]
[Result "1-0"]
[BlackElo "2018"]
[WhiteElo "2416"]
[LiveChessVersion "1.4.8"]

1. d4 {[%clk 1:30:57]} Nf6 {[%clk 1:30:56]} 2. c4 {[%clk 1:31:19]} e6
{[%clk 1:31:21]} 3. Nc3 {[%clk 1:31:36]} Bb4 {[%clk 1:31:34]} 4. f3
{[%clk 1:32:00]} O-O {[%clk 1:26:22]} 5. a3 {[%clk 1:28:04]} Bxc3+ 6. bxc3
{[%clk 1:28:30]} d6 {[%clk 1:23:48]} 7. e4 {[%clk 1:26:34]} e5 {[%clk 1:23:13]}
8. Bg5 {[%clk 1:21:16]} Nbd7 {[%clk 1:20:39]} 9. Bd3 {[%clk 1:21:27]} h6
{[%clk 1:20:46]} 10. Be3 {[%clk 1:20:41]} Nh5 {[%clk 1:17:35]} 11. Ne2
{[%clk 1:20:17]} Qh4+ {[%clk 1:16:44]} 12. g3 {[%clk 1:17:54]} Qh3
{[%clk 1:15:40]} 13. Qd2 {[%clk 1:13:43]} Nb6 {[%clk 1:08:09]} 14. Rf1
{[%clk 0:53:51]} Qe6 {[%clk 0:59:04]} 15. d5 {[%clk 0:52:34]} Qd7
{[%clk 0:58:19]} 16. g4 {[%clk 0:49:32]} Nf6 {[%clk 0:57:32]} 17. Ng3
{[%clk 0:49:30]} Nh7 {[%clk 0:55:17]} 18. h4 {[%clk 0:47:48]} f6 {[%clk 0:51:16]}
19. Rg1 {[%clk 0:42:23]} Qa4 {[%clk 0:49:59]} 20. Qe2 {[%clk 0:37:05]} Qb3
{[%clk 0:48:39]} 21. Kf2 {[%clk 0:37:04]} g5 {[%clk 0:46:48]} 22. c5
{[%clk 0:34:03]} dxc5 {[%clk 0:43:59]} 23. Bxc5 {[%clk 0:33:17]} gxh4
{[%clk 0:44:11]} 24. Rab1 {[%clk 0:22:52]} Qxc3 {[%clk 0:43:02]} 25. Rgc1
{[%clk 0:23:05]} hxg3+ {[%clk 0:36:35]} 26. Kxg3 {[%clk 0:23:21]} Na4
{[%clk 0:37:00]} 27. Rxc3 {[%clk 0:18:11]} Nxc3 {[%clk 0:37:26]} 28. Qe3
{[%clk 0:17:49]} Nxb1 {[%clk 0:37:20]} 29. Bxf8 {[%clk 0:18:01]} Nxf8
{[%clk 0:37:48]} 30. Bxb1 {[%clk 0:18:23]} Kg7 {[%clk 0:38:09]} 31. Qc5
{[%clk 0:17:54]} Bd7 {[%clk 0:37:43]} 32. Qe7+ {[%clk 0:16:34]} Kg6
{[%clk 0:37:51]} 33. f4 {[%clk 0:16:40]} 1-0

[Event "January Lviv Tradition"]
[Site "Lviv"]
[Date "2017.01.26"]
[Round "6.5"]
[White "Kagramanianz, Vartan"]
[Black "Bykovskiy, Oleg"]
[Result "1/2-1/2"]
[BlackElo "2327"]
[WhiteElo "2301"]
[LiveChessVersion "1.4.8"]

1. d4 {[%clk 1:30:58]} Nf6 {[%clk 1:30:56]} 2. Nf3 {[%clk 1:31:00]} g6
{[%clk 1:31:21]} 3. c3 {[%clk 1:31:04]} Bg7 {[%clk 1:31:46]} 4. h3
{[%clk 1:30:51]} c5 {[%clk 1:30:53]} 5. e3 {[%clk 1:29:48]} O-O {[%clk 1:26:44]}
6. Bd3 {[%clk 1:29:53]} Nc6 {[%clk 1:27:03]} 7. O-O {[%clk 1:30:09]} d5
{[%clk 1:25:36]} 8. Nbd2 {[%clk 1:29:36]} e5 {[%clk 1:25:30]} 9. Nxe5
{[%clk 1:28:02]} Nxe5 10. dxe5 {[%clk 1:28:15]} Nd7 {[%clk 1:25:45]} 11. f4
{[%clk 1:27:51]} f6 {[%clk 1:26:06]} 12. e6 {[%clk 1:27:58]} Nb6 {[%clk 1:25:20]}
13. f5 {[%clk 1:25:24]} gxf5 14. Bxf5 {[%clk 1:25:41]} Qe8 {[%clk 1:20:30]} 15.
Nb3 {[%clk 1:16:31]} Bxe6 {[%clk 1:16:33]} 16. Bxe6+ {[%clk 1:10:45]} Qxe6
{[%clk 1:16:42]} 17. Nxc5 {[%clk 1:11:02]} Qe7 {[%clk 1:16:00]} 18. Nb3
{[%clk 1:10:02]} Bh6 {[%clk 1:12:24]} 19. Nd4 {[%clk 1:08:29]} Bxe3+
{[%clk 1:12:00]} 20. Bxe3 {[%clk 1:08:55]} Qxe3+ {[%clk 1:12:24]} 21. Kh1
{[%clk 1:09:22]} Rae8 {[%clk 1:11:15]} 22. a4 {[%clk 0:56:47]} Kh8
{[%clk 1:08:49]} 23. Rf3 {[%clk 0:55:17]} Qe4 {[%clk 1:07:39]} 24. b3
{[%clk 0:44:05]} Nd7 {[%clk 0:59:44]} 25. Nb5 {[%clk 0:40:23]} Re5
{[%clk 0:56:03]} 26. Qd4 {[%clk 0:32:38]} a6 {[%clk 0:47:06]} 27. Nd6
{[%clk 0:31:04]} Qg6 {[%clk 0:46:19]} 28. Raf1 {[%clk 0:28:09]} b6
{[%clk 0:37:29]} 29. c4 {[%clk 0:22:43]} Re2 {[%clk 0:25:37]} 30. R3f2
{[%clk 0:19:28]} Rxf2 {[%clk 0:25:39]} 31. Rxf2 {[%clk 0:19:24]} dxc4
{[%clk 0:23:33]} 32. bxc4 {[%clk 0:19:09]} a5 {[%clk 0:19:46]} 33. Ne4
{[%clk 0:18:44]} Qg7 {[%clk 0:20:05]} 34. c5 {[%clk 0:18:43]} f5 {[%clk 0:14:27]}
35. Qxg7+ {[%clk 0:18:32]} Kxg7 {[%clk 0:14:55]} 36. c6 {[%clk 0:18:35]} Ne5
{[%clk 0:14:17]} 37. c7 {[%clk 0:18:55]} Nc4 {[%clk 0:12:56]} 38. Ng3
{[%clk 0:16:19]} Ne3 {[%clk 0:11:34]} 39. Rxf5 {[%clk 0:12:40]} Nxf5
{[%clk 0:08:17]} 40. Nxf5+ {[%clk 0:13:01]} Kf6 {[%clk 0:08:47]} 41. Nd6
{[%clk 0:13:18]} Ke6 {[%clk 0:09:14]} 42. c8=Q+ {[%clk 0:13:34]} Rxc8
{[%clk 0:09:43]} 43. Nxc8 {[%clk 0:13:53]} b5 {[%clk 0:10:12]} 44. axb5
{[%clk 0:11:07]} a4 {[%clk 0:10:40]} 45. Nb6 {[%clk 0:11:22]} a3 {[%clk 0:11:06]}
46. Na4 {[%clk 0:11:47]} a2 {[%clk 0:09:29]} 47. Nc5+ {[%clk 0:12:12]} Kd5
{[%clk 0:09:58]} 48. Nb3 {[%clk 0:12:29]} Kc4 {[%clk 0:10:27]} 49. Na1
{[%clk 0:12:49]} Kxb5 {[%clk 0:10:54]} 1/2-1/2

[Event "January Lviv Tradition"]
[Site "Lviv"]
[Date "2017.01.26"]
[Round "7.2"]
[White "Shpanko, Nadiia"]
[Black "Kagramanianz, Vartan"]
[Result "1/2-1/2"]
[BlackElo "2301"]
[WhiteElo "2018"]
[LiveChessVersion "1.4.8"]

1. e4 {[%clk 1:30:54]} c6 {[%clk 1:30:50]} 2. d4 {[%clk 1:28:31]} d5
{[%clk 1:31:10]} 3. e5 {[%clk 1:28:20]} Bf5 {[%clk 1:31:11]} 4. Nf3
{[%clk 1:27:42]} e6 {[%clk 1:30:43]} 5. Nc3 {[%clk 1:24:54]} a6 {[%clk 1:27:47]}
6. Bd3 {[%clk 1:21:01]} Ne7 {[%clk 1:26:46]} 7. Be3 {[%clk 1:13:26]} Nd7
{[%clk 1:26:31]} 8. O-O {[%clk 1:12:23]} Bxd3 {[%clk 1:26:07]} 9. Qxd3
{[%clk 1:10:17]} Nf5 {[%clk 1:26:03]} 10. Ne2 {[%clk 1:09:57]} Be7
{[%clk 1:25:43]} 11. Ng3 {[%clk 1:09:59]} Nxg3 {[%clk 1:24:54]} 12. hxg3
{[%clk 1:10:19]} O-O {[%clk 1:24:37]} 13. Kh2 {[%clk 1:08:21]} f6
{[%clk 1:20:41]} 14. exf6 {[%clk 1:08:39]} Bxf6 {[%clk 1:21:04]} 15. Bf4
{[%clk 1:08:03]} Qe8 {[%clk 1:20:34]} 16. Rh1 {[%clk 0:50:56]} Qh5+
{[%clk 1:14:30]} 17. Kg1 {[%clk 0:51:22]} Qf5 {[%clk 1:14:52]} 18. Qxf5
{[%clk 0:51:39]} exf5 {[%clk 1:15:16]} 19. Re1 {[%clk 0:51:42]} Rfe8
{[%clk 1:15:28]} 20. Kh2 {[%clk 0:50:15]} Re4 {[%clk 1:14:12]} 21. c3
{[%clk 0:46:19]} Rae8 {[%clk 1:11:46]} 22. Re3 {[%clk 0:46:42]} h6
{[%clk 1:07:38]} 23. Nd2 {[%clk 0:46:32]} Rxe3 {[%clk 1:07:47]} 24. Bxe3
{[%clk 0:46:58]} g5 {[%clk 1:04:44]} 25. Nf3 {[%clk 0:45:22]} Kf7
{[%clk 1:03:00]} 26. Rd1 {[%clk 0:45:13]} Bd8 {[%clk 1:00:27]} 27. Kg1
{[%clk 0:44:59]} Bc7 {[%clk 1:00:35]} 28. Kf1 {[%clk 0:44:24]} Nf6
{[%clk 0:58:58]} 29. Bc1 {[%clk 0:44:10]} Ne4 {[%clk 0:58:00]} 30. Nd2
{[%clk 0:44:29]} Kf6 {[%clk 0:57:52]} 31. Nxe4+ {[%clk 0:43:36]} fxe4
{[%clk 0:56:48]} 32. g4 {[%clk 0:39:14]} Bf4 {[%clk 0:46:31]} 33. Be3
{[%clk 0:39:30]} Kg6 {[%clk 0:45:22]} 34. Ke2 {[%clk 0:39:47]} Rh8
{[%clk 0:45:18]} 35. Rh1 {[%clk 0:39:28]} Bd6 {[%clk 0:35:04]} 36. Rh5
{[%clk 0:34:30]} Re8 {[%clk 0:35:16]} 37. Rh1 {[%clk 0:34:47]} Re6
{[%clk 0:30:33]} 38. b4 {[%clk 0:33:39]} Re8 {[%clk 0:30:47]} 39. Rb1
{[%clk 0:33:39]} h5 {[%clk 0:30:21]} 40. gxh5+ {[%clk 0:33:46]} Kxh5
{[%clk 0:30:50]} 41. a4 {[%clk 0:33:47]} Kg6 {[%clk 0:30:53]} 42. Rh1
{[%clk 0:32:34]} Ra8 {[%clk 0:30:35]} 43. a5 {[%clk 0:32:33]} Be7
{[%clk 0:30:42]} 44. g3 {[%clk 0:30:57]} Rf8 {[%clk 0:30:02]} 45. Kf1
{[%clk 0:30:29]} Bf6 {[%clk 0:27:42]} 46. Kg2 {[%clk 0:29:59]} Rh8
{[%clk 0:27:52]} 47. Rxh8 {[%clk 0:30:10]} Bxh8 {[%clk 0:28:20]} 48. g4
{[%clk 0:30:07]} Bf6 {[%clk 0:28:46]} 49. Kf1 {[%clk 0:30:04]} Bd8
{[%clk 0:17:43]} 50. Ke2 {[%clk 0:30:23]} Kf6 {[%clk 0:18:02]} 51. Kd2
{[%clk 0:30:44]} Ke6 {[%clk 0:18:27]} 52. Kc2 {[%clk 0:31:10]} Kd7
{[%clk 0:18:07]} 53. Kb3 {[%clk 0:31:33]} Kc7 {[%clk 0:18:09]} 54. Ka4
{[%clk 0:31:55]} b6 {[%clk 0:17:21]} 55. axb6+ {[%clk 0:31:39]} Kxb6
{[%clk 0:17:44]} 56. Bd2 {[%clk 0:31:47]} Kb7 {[%clk 0:16:19]} 1/2-1/2

[Event "January Lviv Tradition"]
[Site "Lviv"]
[Date "2017.01.26"]
[Round "7.3"]
[White "Polulikh, Bogdan"]
[Black "Nesteretz, Anatoliy"]
[Result "1-0"]
[BlackElo "2416"]
[WhiteElo "2178"]
[LiveChessVersion "1.4.8"]

1. d4 {[%clk 1:30:58]} e6 {[%clk 1:30:54]} 2. Nf3 {[%clk 1:31:09]} f5
{[%clk 1:31:15]} 3. c4 {[%clk 1:29:58]} Nf6 {[%clk 1:31:27]} 4. Nc3
{[%clk 1:29:53]} Bb4 {[%clk 1:29:36]} 5. Bd2 {[%clk 1:27:31]} O-O
{[%clk 1:23:03]} 6. a3 {[%clk 1:26:42]} Be7 {[%clk 1:21:32]} 7. Qc2
{[%clk 1:23:39]} d5 {[%clk 1:19:20]} 8. Bf4 {[%clk 1:23:02]} c6 {[%clk 1:16:25]}
9. e3 {[%clk 1:23:00]} Ne4 {[%clk 1:05:37]} 10. h4 {[%clk 1:12:18]} Nd7
{[%clk 1:03:23]} 11. Be2 {[%clk 1:11:44]} Nd6 {[%clk 0:50:48]} 12. cxd5
{[%clk 1:05:04]} exd5 {[%clk 0:50:52]} 13. Bxd6 {[%clk 0:52:01]} Bxd6
{[%clk 0:51:15]} 14. Bd3 {[%clk 0:52:19]} Qf6 {[%clk 0:47:53]} 15. Ne2
{[%clk 0:51:35]} Qg6 {[%clk 0:39:28]} 16. Kf1 {[%clk 0:50:32]} Nf6
{[%clk 0:36:52]} 17. Nf4 {[%clk 0:50:40]} Qe8 {[%clk 0:35:06]} 18. g3
{[%clk 0:43:24]} Ne4 {[%clk 0:35:04]} 19. Kg2 {[%clk 0:43:46]} a5
{[%clk 0:34:35]} 20. b3 {[%clk 0:36:52]} Qe7 {[%clk 0:34:12]} 21. Qb2
{[%clk 0:36:33]} g6 {[%clk 0:29:42]} 22. Be2 {[%clk 0:34:07]} Nf6
{[%clk 0:19:30]} 23. Nd3 {[%clk 0:29:52]} Ng4 {[%clk 0:19:51]} 24. Nfe5
{[%clk 0:21:28]} Bxe5 {[%clk 0:17:48]} 25. Nxe5 {[%clk 0:15:10]} Re8
{[%clk 0:17:43]} 26. h5 {[%clk 0:14:50]} Nxe5 {[%clk 0:08:58]} 27. dxe5
{[%clk 0:15:10]} Qxe5 {[%clk 0:09:16]} 28. Qxe5 {[%clk 0:15:33]} Rxe5
{[%clk 0:09:44]} 29. hxg6 {[%clk 0:15:57]} hxg6 {[%clk 0:09:56]} 30. Rh6
{[%clk 0:16:21]} Kg7 {[%clk 0:07:32]} 31. Rah1 {[%clk 0:16:43]} Re8
{[%clk 0:06:43]} 32. Rh7+ {[%clk 0:16:10]} Kf6 {[%clk 0:07:05]} 33. Rc7
{[%clk 0:15:09]} Re7 {[%clk 0:04:28]} 34. Rxe7 {[%clk 0:15:16]} Kxe7
{[%clk 0:04:56]} 35. Rh7+ {[%clk 0:15:32]} Kd6 {[%clk 0:04:42]} 36. Rg7
{[%clk 0:15:36]} c5 {[%clk 0:04:20]} 37. Rxg6+ {[%clk 0:15:12]} Be6
{[%clk 0:04:24]} 38. g4 {[%clk 0:15:20]} fxg4 {[%clk 0:03:19]} 39. Bxg4
{[%clk 0:15:03]} Re8 {[%clk 0:03:45]} 40. f4 {[%clk 0:15:07]} c4 {[%clk 0:03:12]}
41. bxc4 {[%clk 0:13:07]} dxc4 {[%clk 0:03:37]} 42. Kf2 {[%clk 0:13:28]} b5
{[%clk 0:01:05]} 43. f5 {[%clk 0:13:43]} c3 {[%clk 0:00:35]} 44. Ke2
{[%clk 0:14:07]} Kc5 {[%clk 0:00:40]} 45. fxe6 {[%clk 0:13:21]} b4
{[%clk 0:00:54]} 46. axb4+ {[%clk 0:12:31]} axb4 {[%clk 0:01:17]} 47. Rg7
{[%clk 0:09:43]} b3 {[%clk 0:01:34]} 48. e7 {[%clk 0:07:53]} Kb4 {[%clk 0:00:32]}
49. Bd7 {[%clk 0:06:27]} b2 {[%clk 0:00:41]} 50. Bf5 {[%clk 0:06:48]} Kb3
{[%clk 0:00:36]} 51. Rg6 {[%clk 0:06:25]} Rb8 {[%clk 0:00:38]} 52. Rb6+
{[%clk 0:06:04]} Rxb6 {[%clk 0:00:47]} 53. e8=Q {[%clk 0:06:26]} Rb4
{[%clk 0:00:34]} 54. Qg6 {[%clk 0:06:07]} Ka2 {[%clk 0:00:47]} 55. Qf7+
{[%clk 0:05:41]} Ka3 {[%clk 0:00:32]} 56. Qa7+ {[%clk 0:06:04]} Kb3
{[%clk 0:00:47]} 57. Be6+ {[%clk 0:06:28]} Kc2 {[%clk 0:01:02]} 58. Qh7+
{[%clk 0:06:53]} 1-0